|
|
|
|
| LEADER |
00945nam a2200253 a 4500 |
| 001 |
13929815 |
| 003 |
BD-DhAAL |
| 008 |
090910s2005 nju bf 001 0 eng d |
| 999 |
|
|
|c 4151
|d 4151
|
| 010 |
|
|
|a 2005010691
|
| 020 |
|
|
|a 9780764578038 (pbk.)
|
| 020 |
|
|
|a 0764578030 (pbk.)
|
| 040 |
|
|
|a DLC
|c DLC
|d DLC
|d BD-DhAAL
|
| 082 |
0 |
0 |
|a 373.130281
|2 22
|
| 100 |
1 |
|
|a O'Hara, Shelley.
|9 31019
|
| 245 |
1 |
0 |
|a Improving your study skills :
|b study smart, study less /
|c Shelley O'Hara.
|
| 260 |
|
|
|a Hoboken, NJ :
|b Wiley,
|c c2005.
|
| 300 |
|
|
|a x, 206 p. ;
|c 21 cm.
|
| 504 |
|
|
|a Includes bibliographical references and index.
|
| 541 |
1 |
|
|e 00017119
|
| 650 |
|
0 |
|a Study skills
|v Handbooks, manuals, etc.
|9 31020
|
| 852 |
4 |
|
|a Ayesha Abed Library
|j General shelf
|
| 942 |
|
|
|2 ddc
|c BK
|
| 952 |
|
|
|0 0
|1 4
|2 ddc
|4 0
|6 373_130281000000000_OHA
|7 0
|9 3821
|a BRACUL
|b BRACUL
|c GEN
|d 2009-10-03
|g 1540.00
|l 0
|o 373.130281 OHA
|p 3010017119
|r 2009-10-03
|t 1
|w 2009-10-03
|y BK
|x Koha Inventory 2020
|